[Event "Rome Accademia Winter"]
[Site "Rome"]
[Date "2010.02.13"]
[Round "3"]
[White "Pipitone, Filippo Massimo"]
[Black "Angelastro, Ariel Francisco"]
[Result "0-1"]
[WhiteElo "1501"]
[BlackElo "1419"]
[PlyCount "76"]
[EventDate "2010.02.12"]
[EventType "swiss"]
[EventRounds "5"]
[EventCountry "ITA"]
[SourceTitle "EXT 2024"]
[Source "ChessBase"]
[SourceDate "2023.10.10"]
[SourceVersion "1"]
[SourceVersionDate "2023.10.10"]
[SourceQuality "1"]

1. e4 c5 2. Nc3 Nc6 3. g3 g6 4. Bg2 Bg7 5. d3 e6 6. f4 d6 7. Nge2 Nge7 8. 0-0 d5 9. e5 Nf5 10. h3 a6 11. Kh2 Bd7 12. Nb1 b5 13. c3 Rc8 14. Nd2 Ne3 15. Qe1 Nc2 16. Qd1 Nxa1 17. Nf3 Qa5 18. Be3 Qxa2 19. Qxa1 Qxa1 20. Rxa1 Nb8 21. Ng5 Ke7 22. g4 h6 23. Nf3 f6 24. Bf2 Rc6 25. Re1 a5 26. b3 Rhc8 27. c4 bxc4 28. dxc4 d4 29. Nh4 Kf7 30. Bxc6 Rxc6 31. exf6 Bxf6 32. Nf3 Rd6 33. Nc1 Bc6 34. Nd2 Nd7 35. Nd3 Bb7 36. Bg3 Ra6 37. Ne4 Be7 38. Nexc5 Nxc5 0-1

[Event "Rome Elo op 5th"]
[Site "Rome"]
[Date "2009.10.14"]
[Round "4"]
[White "Vanzan, Alessandro"]
[Black "Pipitone, Filippo Massimo"]
[Result "1-0"]
[WhiteElo "1775"]
[BlackElo "1465"]
[PlyCount "91"]
[EventDate "2009.09.16"]
[EventType "swiss"]
[EventRounds "5"]
[EventCountry "ITA"]
[SourceTitle "EXT 2012"]
[Source "ChessBase"]
[SourceDate "2011.11.24"]
[SourceVersion "1"]
[SourceVersionDate "2011.11.24"]
[SourceQuality "1"]

1. c4 e5 2. Nc3 Nc6 3. Nf3 g6 4. g3 Bg7 5. Bg2 Nge7 6. 0-0 0-0 7. d3 f5 8. e3 d6 9. Rb1 h6 10. Bd2 g5 11. Qc1 Ng6 12. Nd5 Nce7 13. Ne1 c6 14. Nc3 Be6 15. b4 Rc8 16. Qa3 a6 17. b5 axb5 18. cxb5 Ra8 19. Qb2 e4 20. dxe4 Bc4 21. exf5 Rxf5 22. Be4 Rxb5 23. Qc2 Rxb1 24. Qxb1 Bxf1 25. Bxg6 Nxg6 26. Qxg6 Bc4 27. Ne4 Bf7 28. Qf5 Rxa2 29. Nf3 Bd5 30. Nfxg5 hxg5 31. Bc3 Bxc3 32. Nxc3 Ra1+ 33. Nb1 Qf8 34. Qxg5+ Qg7 35. Qd8+ Kh7 36. Qh4+ Qh6 37. Qe7+ Qg7 38. Qh4+ Kg6 39. Qg4+ Kf7 40. Qd7+ Kf6 41. Qxd6+ Kf5 42. e4+ Kxe4 43. Qf4+ Kd3 44. Qd2+ Kc4 45. Qc2+ Qc3 46. Qxc3+ 1-0